000 00343nam a2200133Ia 4500
008 240624s9999 xx 000 0 und d
041 _aeng
082 _a336.2 BAN
100 _aBANGAR YOGENDRA
245 _aCOMPREHENSIVE GUIDE TO TAX LAWS
260 _c2013
_aAllahabad
_bAadhya Prakashan
300 _a566 : p. : cm. ; 26
365 _cRS
_b10
999 _c21625
_d21625